Programa d'actuació 2004 - 2007 : Acció Local cap a la Sostenibilitat / Àrea de Medi Ambient Acció Local cap a la Sostenibilitat / Àrea de Medi Ambient
Descripción Física:
[16] p. : il. col. ; 30 cm
MARC
| LEADER | 00000nam a2200000Ia 4500 | ||
|---|---|---|---|
| 001 | 18601 | ||
| 008 | 160829s2005 xx 000 0 cat d | ||
| 080 | |a FU-32-39 | ||
| 110 | |a Barcelona (Catalunya : Província). |b Àrea de Medi Ambient |9 52987 | ||
| 245 | |a Programa d'actuació 2004 - 2007 : |b Acció Local cap a la Sostenibilitat / Àrea de Medi Ambient | ||
| 260 | |a Barcelona : |b la Diputació, |c 2005 | ||
| 300 | |a [16] p. : |b il. col. ; |c 30 cm | ||
| 650 | 0 | |a Desenvolupament sostenible |9 23028 | |
| 650 | 0 | |a Medi ambient |x Protecció |9 34273 | |
| 901 | |a Arxiu | ||
| 942 | |n 1 | ||
| 952 | |0 0 |1 0 |4 0 |6 FU3239 |7 1 |9 52412 |a Arxiu |b Arxiu |d 2016-12-01 |l 0 |o FU-32-39 |p 18601 |r 2016-12-01 00:00:00 |w 2016-12-01 |y ARXIU | ||
| 999 | |c 56260 |d 56260 | ||